000 00591nam a22002057i 4500
001 7399
003 OSt
005 20170126082359.0
007 tu
008 161220s2005 xxu||||| |||| 00| 0 d
020 _a3-902479-35-3
024 7 _a7399
_2RID
024 7 _a7399
_2RSN (alt)
040 _cOSt
245 0 0 _aÖsterreich im Europäischen Wirtschaftsvergleich 1995 - 2003
_bWirtschaftskraft, Kaufkraftparitäten und Preisniveau für die erweiterte EU, Beitrittskandidaten und EFTA
260 _aWien,
_c2005.
300 _a78 S. ;
_c30cm.
_eCD
651 _aAustria
110 2 _aStatistik Austria
942 _cST
999 _c6300
_d6300